000 00416nam a2200157Ia 4500
008 230312s9999||||xx |||||||||||||| ||und||
020 _a0-470-02542-5
082 _a615.82
_bPAR-R
100 _aPartridge;Cecily
245 0 _aRecent Advances in Physiotherapy
260 _bJohn wiley & Sons
_aUK
_c2007
300 _a255
546 _aEng.
650 _aPhysiotherapy
_vRecent Advances in Physiotherapy
942 _cBK
999 _c8017
_d8017